000
00298nam a2200121Ia 4500
008
230524s9999 xx 000 0 und d
100
_a
Mark Priestley
245
0
_a
Practical Object-Oriented Design With UML
260
_b
TMH
500
_a
Quantity Number: 10
650
_a
Comp-Sc
942
_c
BK
999
_c
50135
_d
50135